<?xml version="1.0" encoding="UTF-8"?>
<record
    xmlns:xsi="http://www.w3.org/2001/XMLSchema-instance"
    xsi:schemaLocation="http://www.loc.gov/MARC21/slim http://www.loc.gov/standards/marcxml/schema/MARC21slim.xsd"
    xmlns="http://www.loc.gov/MARC21/slim">

  <leader>01078nam0a22002411  4500</leader>
  <controlfield tag="001">v19\rc\2046792</controlfield>
  <controlfield tag="005">20250620021322.0</controlfield>
  <datafield tag="035" ind1=" " ind2=" ">
    <subfield code="a">(NLR Aleph) 005126069</subfield>
  </datafield>
  <datafield tag="090" ind1=" " ind2=" ">
    <subfield code="a">7637153</subfield>
    <subfield code="c">7637153</subfield>
  </datafield>
  <datafield tag="100" ind1=" " ind2=" ">
    <subfield code="a">20081111d1905    |||y0rusy50      ca</subfield>
  </datafield>
  <datafield tag="101" ind1="0" ind2=" ">
    <subfield code="a">rus</subfield>
  </datafield>
  <datafield tag="102" ind1=" " ind2=" ">
    <subfield code="a">RU</subfield>
  </datafield>
  <datafield tag="105" ind1=" " ind2=" ">
    <subfield code="a">y   z   |||||</subfield>
  </datafield>
  <datafield tag="200" ind1="1" ind2=" ">
    <subfield code="a">&#x412;&#x43E;&#x437;&#x440;&#x430;&#x436;&#x435;&#x43D;&#x438;&#x435; &#x433;. &#x440;&#x435;&#x446;&#x435;&#x43D;&#x437;&#x435;&#x43D;&#x442;&#x443; &#x423;&#x447;&#x435;&#x43D;&#x43E;&#x433;&#x43E; &#x43A;&#x43E;&#x43C;&#x438;&#x442;&#x435;&#x442;&#x430;</subfield>
    <subfield code="e">&#x41A; &#x432;&#x43E;&#x43F;&#x440;&#x43E;&#x441;&#x443; &#x43E; &#x442;&#x43E;&#x43C;, &#x43D;&#x430;&#x441;&#x43A;&#x43E;&#x43B;&#x44C;&#x43A;&#x43E; &#x43E;&#x442;&#x441;&#x442;&#x443;&#x43F;&#x43B;&#x435;&#x43D;&#x438;&#x44F; &#x43E;&#x442; &#x43E;&#x431;&#x44B;&#x447;&#x43D;&#x43E;&#x433;&#x43E; &#x438;&#x437;&#x43B;&#x43E;&#x436;&#x435;&#x43D;&#x438;&#x44F; &#x433;&#x435;&#x43E;&#x43C;&#x435;&#x442;&#x440;&#x438;&#x438; &#x43C;&#x43E;&#x433;&#x443;&#x442; &#x441;&#x432;&#x438;&#x434;&#x435;&#x442;&#x435;&#x43B;&#x44C;&#x441;&#x442;&#x432;&#x43E;&#x432;&#x430;&#x442;&#x44C; &#x43E; &#x43D;&#x435;&#x441;&#x43E;&#x433;&#x43B;&#x430;&#x441;&#x438;&#x438; &#x430;&#x432;&#x442;&#x43E;&#x440;&#x430; &#x441; &#x42D;&#x432;&#x43A;&#x43B;&#x438;&#x434;&#x43E;&#x43C;</subfield>
    <subfield code="f">[&#x421;&#x43E;&#x447;.] &#x410;.&#x41D;. &#x428;&#x430;&#x43F;&#x43E;&#x448;&#x43D;&#x438;&#x43A;&#x43E;&#x432;&#x430;</subfield>
  </datafield>
  <datafield tag="210" ind1=" " ind2=" ">
    <subfield code="a">&#x41C;&#x43E;&#x441;&#x43A;&#x432;&#x430;</subfield>
    <subfield code="c">&#x423;&#x43D;&#x438;&#x432;. &#x442;&#x438;&#x43F;.</subfield>
    <subfield code="d">1905</subfield>
  </datafield>
  <datafield tag="215" ind1=" " ind2=" ">
    <subfield code="a">[2], 23 &#x441;.</subfield>
    <subfield code="d">22</subfield>
  </datafield>
  <datafield tag="532" ind1="1" ind2="2">
    <subfield code="a">&#x412;&#x43E;&#x437;&#x440;&#x430;&#x436;&#x435;&#x43D;&#x438;&#x435; &#x433;&#x43E;&#x441;&#x43F;&#x43E;&#x434;&#x438;&#x43D;&#x443; &#x440;&#x435;&#x446;&#x435;&#x43D;&#x437;&#x435;&#x43D;&#x442;&#x443; &#x423;&#x447;&#x435;&#x43D;&#x43E;&#x433;&#x43E; &#x43A;&#x43E;&#x43C;&#x438;&#x442;&#x435;&#x442;&#x430;</subfield>
  </datafield>
  <datafield tag="700" ind1=" " ind2="1">
    <subfield code="a">&#x428;&#x430;&#x43F;&#x43E;&#x448;&#x43D;&#x438;&#x43A;&#x43E;&#x432;</subfield>
    <subfield code="b">&#x410;.&#x41D;.</subfield>
    <subfield code="f">1872-</subfield>
    <subfield code="g">&#x410;&#x43B;&#x435;&#x43A;&#x441;&#x430;&#x43D;&#x434;&#x440; &#x41D;&#x438;&#x43A;&#x43E;&#x43B;&#x430;&#x435;&#x432;&#x438;&#x447;</subfield>
  </datafield>
  <datafield tag="801" ind1=" " ind2="0">
    <subfield code="a">RU</subfield>
    <subfield code="b">NLR</subfield>
    <subfield code="g">psbo</subfield>
  </datafield>
  <datafield tag="801" ind1=" " ind2="1">
    <subfield code="a">RU</subfield>
    <subfield code="b">ProSoft-M</subfield>
    <subfield code="2">rusmarc</subfield>
  </datafield>
  <datafield tag="852" ind1=" " ind2=" ">
    <subfield code="a">NLR</subfield>
    <subfield code="j">34.53.4.680</subfield>
  </datafield>
  <datafield tag="942" ind1=" " ind2=" ">
    <subfield code="c">BOOK</subfield>
  </datafield>
  <datafield tag="980" ind1=" " ind2=" ">
    <subfield code="a">NB</subfield>
  </datafield>
  <datafield tag="995" ind1=" " ind2=" ">
    <subfield code="5">2013-10-26</subfield>
    <subfield code="b">NLR02</subfield>
    <subfield code="c">NLR02</subfield>
    <subfield code="e">RFS</subfield>
    <subfield code="f">5126069-10</subfield>
    <subfield code="k">34.53.4.680</subfield>
    <subfield code="o">0</subfield>
    <subfield code="r">BOOK</subfield>
    <subfield code="s">34534680_</subfield>
  </datafield>
</record>
